Madhyakaleen Bharatiya samajik, arthik avam rajnitik sansthan (Record no. 63512)

MARC details
000 -LEADER
fixed length control field 00453nam a2200169Ia 4500
008 - FIXED-LENGTH DATA ELEMENTS--GENERAL INFORMATION
fixed length control field 230917s9999||||xx |||||||||||||| ||und||
020 ## - ISBN
Price RS40
040 ## - CATALOGING SOURCE
-- 24325
Original cataloging agency VIVEKANANDA LIBRARY
041 ## - Language
-- English
082 ## - DDC NUMBER
Classification number 954.02 S23M
100 ## - MAIN ENTRY--PERSONAL NAME
Personal name Sharma, Ghanshyam Dutt
245 #0 - TITLE STATEMENT
Title Madhyakaleen Bharatiya samajik, arthik avam rajnitik sansthan
250 ## - EDITION STATEMENT
Edition statement 2nd ed.
260 ## - PUBLICATION, DISTRIBUTION, ETC. (IMPRINT)
Place of publication, distribution, etc Jaipur
Name of publisher, distributor, etc Rajasthan Hindi Granth Academy
Date of publication, distribution, etc 1990
300 ## - PHYSICAL DESCRIPTION
Pages 372 p.
942 ## - ADDED ENTRY ELEMENTS (KOHA)
Koha item type Books
Holdings
Withdrawn status Lost status Damaged status Not for loan Location (home branch) Sublocation or collection (holding branch) Date acquired Koha issues (times borrowed) Koha full call number Accession No. Koha date last seen Koha item type
        VIVEKANANDA LIBRARY VIVEKANANDA LIBRARY 08/08/2002   954.02 S23M 135525 17/09/2023 Books
© Designed and Maintained by Vivekananda Library, MDU Rohtak